000 00775 a2200217 4500
999 _c183386
_d183386
005 20211224101530.0
010 _aENG-130576
020 _a978-93-5460-212-2
_c1599.00
035 _aEN-114108
037 _bDBAD/PUB
082 _a681.76
_b1
100 _aPeurifoy, Robert L.
245 _aConstruction Planning Equipment & Methods:
_cRobert L. Peurifoy, Clifford J. Schexnayder, Robert L. Schmitt, Aviad Shapira
260 _aChennai
_bMcGraw Hill Education(india) Private Limited
_c2022
270 _aAnjana Complex No.5 /90 A, Butt Road, St. Thomas Mount
_bChennai
_e600016
300 _a832p.
_c24cm (hbk)
700 _aSchexnayder, Clifford J.
700 _aSchmitt, Robert L.
700 _aAviad Shapira
942 _adpl
_cEN
_2ddc
_h681.76
_mPEU